| 000 | 00748na a2200265 4500 | ||
|---|---|---|---|
| 001 | 15512 | ||
| 003 | MIRAKIL | ||
| 005 | 20181213154827.0 | ||
| 008 | 161018b tu 000 0 | ||
| 020 | _a9751937191 | ||
| 035 | _a15512 | ||
| 040 |
_aMilas _btur _cTR-AnCHP |
||
| 041 | _atur | ||
| 082 |
_a813 _bY44ü 2005 |
||
| 090 | _a813 Y44ü 2005 | ||
| 100 | _aYılmaz,Emrullah Emin | ||
| 245 |
_aÜmit kuşağı _b"Engelsiz yarınlara..." _cEmrullah Emin Yılmaz |
||
| 246 | _a"Engelsiz yarınlara..." | ||
| 260 |
_aAnkara _bDiyanet İşleri Başkanlığı Yayınları _c2005 |
||
| 300 |
_a120 s. _c21 sm. |
||
| 490 |
_aÇocuk Kitapları _v162 |
||
| 650 |
_aTürk edebiyatı _xÖykü |
||
| 650 |
_aTürkçe _xÖyküler |
||
| 942 |
_2ddc _cBKS |
||
| 999 |
_c1578 _d1578 |
||